000 00393nam a2200157Ia 4500
008 230312s9999||||xx |||||||||||||| ||und||
020 _a81-8431-282-9
082 _a621.3
_bGOD-B
100 _aGodse,A.P
245 0 _aBasic Electronics
260 _bTechnical Publications Pune
_aIndia
_c2007
300 _aP-70
546 _aEng.
650 _aEngineering
_vSemiconductor Diodes
942 _cBK
999 _c1451
_d1451